Business telecommunications / (Record no. 7907)
[ view plain ]
| 000 -LEADER | |
|---|---|
| fixed length control field | 00502pam a2200157 a 4500 |
| 020 ## - INTERNATIONAL STANDARD BOOK NUMBER | |
| International Standard Book Number | 0024041041 |
| 050 00 - LIBRARY OF CONGRESS CALL NUMBER | |
| Classification number | HE 7631 |
| Item number | .R69 1990 |
| 100 1# - MAIN ENTRY--PERSONAL NAME | |
| Personal name | Rowe, Stanford H. |
| 245 10 - TITLE STATEMENT | |
| Title | Business telecommunications / |
| Statement of responsibility, etc. | Stanford H. Rowe II. |
| 250 ## - EDITION STATEMENT | |
| Edition statement | 2nd ed. |
| 260 ## - PUBLICATION, DISTRIBUTION, ETC. (IMPRINT) | |
| Place of publication, distribution, etc. | New York : |
| Name of publisher, distributor, etc. | Macmillan ; |
| Place of publication, distribution, etc. | Toronto : |
| Name of publisher, distributor, etc. | Collier Macmillan Canada ; |
| Place of publication, distribution, etc. | New York : |
| Name of publisher, distributor, etc. | Maxwell Macmillan International, |
| Date of publication, distribution, etc. | c1991. |
| 300 ## - PHYSICAL DESCRIPTION | |
| Extent | xxv, 661 p. : |
| 650 #0 - SUBJECT ADDED ENTRY--TOPICAL TERM | |
| General subdivision | Telecommunication |
| 650 #0 - SUBJECT ADDED ENTRY--TOPICAL TERM | |
| General subdivision | Communication systems. |
| 942 ## - ADDED ENTRY ELEMENTS (KOHA) | |
| Source of classification or shelving scheme | Library of Congress Classification |
| Koha item type | General circulation |
| Withdrawn status | Lost status | Source of classification or shelving scheme | Damaged status | Not for loan | Home library | Current library | Shelving location | Date acquired | Source of acquisition | Total Checkouts | Full call number | Barcode | Date last seen | Price effective from | Koha item type |
|---|---|---|---|---|---|---|---|---|---|---|---|---|---|---|---|
| Library of Congress Classification | Main Campus Library | Main Campus Library | General Stacks | 31/07/2015 | Donation-Books for Africa | HE 7631 .R69 1990 | 2015/005197 | 31/07/2015 | 31/07/2015 | General circulation |